| 000 | 00703nam a22001697a 4500 | ||
|---|---|---|---|
| 003 | DO-SdBNP | ||
| 005 | 20250219170734.0 | ||
| 008 | 220609b2015 |||d|||| |||| 00| 0 spa d | ||
| 040 |
_aDO-SdBNP _bspa _cBNPHU |
||
| 110 | 1 | 0 |
_aRepública Dominicana. Ministerio de Economía _964430 |
| 245 | 1 | 0 |
_aMetodos e instrumentos para la planificación institucional / _cMinisterio de Economía, Planificación y Desarrollo |
| 260 |
_aSanto Domingo : _bCalidgraf, _c2015. |
||
| 300 |
_a34 p. _bil, : _c23 cm. |
||
| 490 |
_aPlanificación _vNo.4 |
||
| 610 | 1 | 0 |
_aRepública Dominicana. _bMinisterio de Economía, Planificación y Desarrollo _zRepública Dominicana _xMétodos, _xInstrumentos _966142 |
| 942 |
_2ddc _cLF2 |
||
| 999 |
_c51992 _d51992 |
||